00917 2200241 4500001002100000005001500021008004100036020000800077035001900085041000800104082001100112084001700123100002200140245005400162250001200216260003100228300005000259500002000309504001600329520029500345650002200640650001300662INLIS00000000000224320200508201804200508||||||||| | ||| |||| ||ind|| a124 0010-0520002243 aind0 a342.02 a342.02/XXX/S0 aJimly Asshiddiqie00aSengketa Kewenangan Konstitutional Lembaga Negara aCet .1. aJakartabTHC Mandiric2006 aXI, 272 hlm. ; 14,5 x 20,8 cmc14,5 x 20,8 cm aIndeks : Indeks aBibliografi aBuku pertama di Indonesia yang membahas sengketa kewenangan antar lembaga negara yang menurut UUD 1945 penyelesaiannya dilakukan oleh Mahkamah Konstitusi. Pengaturan hal ini merupakan hal baru dalam kehidupan ketatanegaraan sebagai akibat terjadinya perubahan konstitusi pada era reformasi. 0a1. Lembaga Negara 0a2. Hukum